000 00422nam a2200145 a 4500
001 000039515
005 20241021092516.0
008 130704s2000 dr a 000 0 spa d
040 _aDO-SdBNP
_bspa
_cBNPHU
082 _axxx
_bS684c
100 1 _aSolano, Miguel,
_91543
245 1 3 _aEl castigo final /
_cMiguel Solano ; prólogo Farid Kury.
260 _aSanto Domingo :
_bCocolo,
_c2000.
300 _a100 p. :
_bil. ;
_c21 cm.
999 _c39005
_d39005